| 000 | 00459nam a2200169Ia 4500 | ||
|---|---|---|---|
| 008 | 240729s9999 xx 000 0 und d | ||
| 022 | _a2199-398X | ||
| 245 | 0 | _aSOIL | |
| 260 | _aGermany | ||
| 260 | _bCopernicus Publications | ||
| 650 | _a Environmental sciences | Science | ||
| 650 | _a Geology | ||
| 650 | _aGeography. Anthropology. Recreation | ||
| 856 | _uhttps://doaj.org/toc/88fc470188434768be9e49801e18f660 | ||
| 942 | _2ddc | ||
| 942 | _cDOAJEJ | ||
| 999 |
_c73322 _d73322 |
||
| 945 |
_a1 _bMadushi Gamage _c1 _dMadushi Gamage |
||